000
00298nam a22001337a 4500
008
180312b xxu||||| |||| 00| 0 eng d
020
_a
1932645004
041
_a
eng
080
_a
2
100
_a
23
101
_a
TEO
245
_a
Annulments and the catholic church
_c
Myers,J.J
942
_2
udc
_c
BK
999
_c
44782
_d
44782